| 000 | 00807cam a2200253 a 4500 | ||
|---|---|---|---|
| 005 | 20131115050323.0 | ||
| 008 | 131115b xxu||||| |||| 00| 0 eng d | ||
| 020 | _a1854319353 | ||
| 041 | 0 | _aeng | |
| 080 |
_a341 _x(094.9) |
||
| 245 | 0 | 0 |
_aBlackstone's international law documents / _cedited by Malcolm D. Evans. |
| 246 | 3 | 0 | _aInternational law documents |
| 250 | _a4th ed. | ||
| 260 |
_aLondon : _bBlackstone Press, _c1991. |
||
| 300 |
_a518 f. ; _c23 cm. |
||
| 490 | 1 | _aBlackstone's statute books | |
| 500 | _aEditor's preface : f. [VII] | ||
| 500 | _aEditor's preface to the first edition : f. [VIII] | ||
| 500 | _aIncludes index. | ||
| 650 | 0 |
_aE drejta ndërkombëtare _xBurimet |
|
| 700 | 1 |
_aEvans, Malcolm D. _q(Malcolm David), _d1959- |
|
| 830 | 0 | _aBlackstone's statutes. | |
| 942 |
_2udc _cBK |
||
| 999 |
_c327 _d327 |
||